000 00816cam a22002773a 4500
001 20911
003 PGUSA
005 20140828083439.0
008 070326s2007||||xxu|||||s|||||000 1 eng d
040 _aPGUSA
_beng
042 _adc
050 4 _aPS
100 1 _aDillon, Mary
_q(Mary C. Johnson)
245 1 4 _aThe Rose of Old St. Louis
_h[electronic resource] /
_cMary Dillon
260 _bProject Gutenberg,
_c2007
506 _aPublic domain in the USA.
516 _aElectronic text
653 _aSaint Louis (Mo.) -- Fiction
653 _aLouisiana Purchase -- Fiction
653 _aHistorical fiction
700 1 _aRelyea, C. M.
_q(Charles M.),
_d1863-1932
700 1 _aCastaigne, J. André
830 0 _aProject Gutenberg
_v20911
856 4 0 _uhttp://www.gutenberg.org/ebooks/20911
942 _cEB
999 _c250166
_d250166